000 00630nam a2200217Ia 4500
003 OSt
005 20220923230848.0
006 a|||||r|||| 00| 0
007 ta
008 Pun
024 _a306,140
037 _cTextual
040 _aARTS
_cARTS
_bPun
041 _2Pun
_aPun
082 _aQ8441XK21:g, 153L6
100 _aਦੀਵਾਨ ਸਿੰਘ, ਥਦ.
_9156363
245 0 _aਗੁਰੂ ਤੇਫ਼ ਬਹਾਦਰ
_b ਚਿੰਤਨ ਕਲਾ ਤੇ ਬਾਣੀ
260 _c1976
942 _hQ8441XK21:g, 153L6
_cTEXL
_2CC
999 _c387927
_d387927